Vital signs: the environmental trends that are shaping our future 1995- (Record no. 78373)

MARC details
000 -LEADER
fixed length control field 01442nam a2200265 a 4500
008 - FIXED-LENGTH DATA ELEMENTS--GENERAL INFORMATION
fixed length control field 120416s1995 ||||||||||||||||| || u
020 ## - INTERNATIONAL STANDARD BOOK NUMBER
International Standard Book Number 0393312798
050 ## - LIBRARY OF CONGRESS CALL NUMBER
Classification number HA 155 Wor
100 ## - MAIN ENTRY--PERSONAL NAME
Personal name Renner, Michael
245 10 - TITLE STATEMENT
Title Vital signs: the environmental trends that are shaping our future 1995-
Statement of responsibility, etc compiled by Lester R. Brown [and others]
260 ## - PUBLICATION, DISTRIBUTION, ETC. (IMPRINT)
Place of publication, distribution, etc New York:
Name of publisher, distributor, etc W.W. Norton
Date of publication, distribution, etc 1995-
300 ## - PHYSICAL DESCRIPTION
Extent vols. : ill
350 ## -
-- 0.00
500 ## - GENERAL NOTE
General note Library has 5vols.: 1995-2000
650 ## - SUBJECT ADDED ENTRY--TOPICAL TERM
Topical term or geographic name as entry element ENVIRONMENT
700 ## - ADDED ENTRY--PERSONAL NAME
Personal name Flavin, Christopher
700 ## - ADDED ENTRY--PERSONAL NAME
Personal name Halweil, Brian
700 ## - ADDED ENTRY--PERSONAL NAME
Personal name Brown, Lester R
710 ## - ADDED ENTRY--CORPORATE NAME
Corporate name or jurisdiction name as entry element World Watch Institute (U.K.)
995 ## - RECOMMENDATION 995 [LOCAL, UNIMARC FRANCE]
-- 0.00
-- CBU-MAIN LIBRARY (Kitwe)
-- 1
-- 12.00
-- 5
-- AVAILABLE
-- Annex Low-Usage Collection
995 ## - RECOMMENDATION 995 [LOCAL, UNIMARC FRANCE]
-- 0.00
-- CBU-MAIN LIBRARY (Kitwe)
-- 1
-- 10.95
-- 1
-- AVAILABLE
-- Annex Low-Usage Collection
995 ## - RECOMMENDATION 995 [LOCAL, UNIMARC FRANCE]
-- 0.00
-- CBU-MAIN LIBRARY (Kitwe)
-- 1
-- 13.00
-- 4
-- AVAILABLE
-- Annex Low-Usage Collection
995 ## - RECOMMENDATION 995 [LOCAL, UNIMARC FRANCE]
-- 0.00
-- CBU-MAIN LIBRARY (Kitwe)
-- 1
-- 13.00
-- 3
-- AVAILABLE
-- Annex Low-Usage Collection
995 ## - RECOMMENDATION 995 [LOCAL, UNIMARC FRANCE]
-- 0.00
-- CBU-MAIN LIBRARY (Kitwe)
-- 1
-- 13.00
-- 2
-- AVAILABLE
-- Annex Low-Usage Collection
Holdings
Withdrawn status Lost status Source of classification or shelving scheme Damaged status Not for loan Permanent Location Current Location Shelving location Date acquired Total Checkouts Full call number Barcode Date last seen Copy number Price effective from Koha item type
          CBU-MAIN LIBRARY, KITWE. CBU-MAIN LIBRARY, KITWE.   05/16/2023   HA 155 Wor 028458 05/16/2023 1 05/16/2023 MONOGRAPH
          CBU-MAIN LIBRARY, KITWE. CBU-MAIN LIBRARY, KITWE.   05/16/2023   HA 155 Wor 025025 05/16/2023 2 05/16/2023 MONOGRAPH
          CBU-MAIN LIBRARY, KITWE. CBU-MAIN LIBRARY, KITWE.   05/16/2023   HA 155 Wor 020225 05/16/2023 3 05/16/2023 MONOGRAPH
          CBU-MAIN LIBRARY, KITWE. CBU-MAIN LIBRARY, KITWE.   05/16/2023   HA 155 Wor 027855 05/16/2023 4 05/16/2023 MONOGRAPH
          CBU-MAIN LIBRARY, KITWE. CBU-MAIN LIBRARY, KITWE.   05/16/2023   HA 155 Wor 027754 05/16/2023 5 05/16/2023 MONOGRAPH